000 00636nam a2200205Ii 4500
003 JO-AjNU
008 230605s9999||||xx |||||||||||||| ||und||
040 _aJO-AjNU
_bara
_erda
_cJO-AjNU
041 _aara
050 1 4 _aB804 .A33 1979
100 3 _aالعظم،صادق جلال,
_eauthor
_915733
245 0 0 _aدراسات في الفلسفة الغربية الحديثة
250 _aط3
264 3 1 _aبيروت:دار العودة ، 1979
300 _a254ص
336 _atext
_btxt
_2rdacontent
337 _aunmediated
_bn
_2rdamedia
338 _avolume
_bnc
_2rdacarrier
650 4 _aالفلسفة الحديثة
_915734
999 _aA4512
_c8080
_d8080